El desafío y la carga del tiempo histórico: el socialismo en el siglo XXI /
En este libro el autor muestra que el sistema de capital manifiesta una profunda aversión por la planificación. El resultado es un máximo de despilfarro y destrucción, reforzados por la degradación incesante del trabajo humano, una tasa de utilización decreciente, parasitismo financiero, amenaza cre...
Sparad:
| Huvudupphovsman: | |
|---|---|
| Materialtyp: | Text |
| Språk: | Spanish |
| Publicerad: |
Caracas:
CLACSO
2008
|
| Ämnen: | |
| Taggar: |
Lägg till en tagg
Inga taggar, Lägg till första taggen!
|
MARC
| LEADER | 00000 a a2200000 04500 | ||
|---|---|---|---|
| 001 | 39796 | ||
| 003 | cru CIDCACS/IIS | ||
| 005 | 20230605130139.0 | ||
| 008 | 161121e2008 ve ||||| |||| 00| 0 spa d | ||
| 020 | |a 978-980-212-465-7 | ||
| 040 | |c CIDCACS/IIS | ||
| 090 | |a 03.03.01 M586d | ||
| 100 | |a Mészáros, István | ||
| 245 | |a El desafío y la carga del tiempo histórico: el socialismo en el siglo XXI / |c István Mészáros | ||
| 260 | |a Caracas: |b CLACSO |c 2008 | ||
| 300 | |a 427 páginas | ||
| 520 | |a En este libro el autor muestra que el sistema de capital manifiesta una profunda aversión por la planificación. El resultado es un máximo de despilfarro y destrucción, reforzados por la degradación incesante del trabajo humano, una tasa de utilización decreciente, parasitismo financiero, amenaza creciente de la aniquilación nuclear, aumento de la barbarie y aceleración de la catástrofe ecológica planetaria. El socialismo sólo se alcanza a través de una planificación social abarcante. Una revolución que se mueva en forma decisiva en esa dirección se convertirá en históricamente irreversible. Es eso lo que representa el desafío y la carga del tiempo histórico: el surgimiento de una nueva fuerza y la carga material a medida que la teoría se apodera de las masas | ||
| 650 | |a SOCIALISMO | ||
| 650 | |a CAPITALISMO | ||
| 650 | |a MARXISMO | ||
| 650 | |a TEORIA | ||
| 650 | |a CAMBIO SOCIAL | ||
| 650 | |a CAMBIO ECONOMICO | ||
| 650 | |a REVOLUCION | ||
| 650 | |a PLANIFICACION | ||
| 650 | |a HEGEMONIA | ||
| 942 | |2 ddc |c LI |h 03.03.01 M586d |i 06807 |6 030301_M586D_06807 | ||
| 999 | |c 2962 |d 2962 | ||



